Andrews University Seminary studies. (Record no. 10248)
[ view plain ]
| 000 -LEADER | |
|---|---|
| fixed length control field | 02268cas a2200469 4500 |
| 001 - CONTROL NUMBER | |
| control field | 10545037 |
| 003 - CONTROL NUMBER IDENTIFIER | |
| control field | AUA.1 |
| 005 - DATE AND TIME OF LATEST TRANSACTION | |
| control field | 20130528151611.0 |
| 007 - PHYSICAL DESCRIPTION FIXED FIELD--GENERAL INFORMATION | |
| fixed length control field | t| |
| 008 - FIXED-LENGTH DATA ELEMENTS--GENERAL INFORMATION | |
| fixed length control field | 850720c19639999miufr p 0 a0eng c |
| 010 ## - LIBRARY OF CONGRESS CONTROL NUMBER | |
| LC control number | 74645601 |
| Canceled/invalid LC control number | sc 76000812 |
| 022 ## - INTERNATIONAL STANDARD SERIAL NUMBER | |
| International Standard Serial Number | 0003-2980 |
| Source | 1 |
| 035 ## - SYSTEM CONTROL NUMBER | |
| System control number | (OCoLC)ocm01780045 |
| 037 ## - SOURCE OF ACQUISITION | |
| Source of stock number/acquisition | 49104 |
| 040 ## - CATALOGING SOURCE | |
| Original cataloging agency | MnMULS |
| Transcribing agency | MnMULS |
| Modifying agency | MBTI |
| -- | NSDP |
| -- | DLC |
| -- | OCoLC |
| -- | AIP |
| -- | NSDP |
| -- | AIP |
| -- | OCoLC |
| -- | DLC |
| -- | TNJ |
| -- | OCoLC |
| 042 ## - AUTHENTICATION CODE | |
| Authentication code | nsdp |
| -- | pcc |
| 050 00 - LIBRARY OF CONGRESS CALL NUMBER | |
| Classification number | BR1 |
| Item number | .A53a |
| 110 2# - MAIN ENTRY--CORPORATE NAME | |
| Corporate name or jurisdiction name as entry element | Andrews University. |
| Subordinate unit | Seventh-Day Adventist Theological Seminary. |
| 9 (RLIN) | 36711 |
| 210 0# - ABBREVIATED TITLE | |
| Abbreviated title | Andrews Univ. Semin. stud. |
| 222 #0 - KEY TITLE | |
| Key title | Andrews University Seminary studies |
| 245 10 - TITLE STATEMENT | |
| Title | Andrews University Seminary studies. |
| 260 ## - PUBLICATION, DISTRIBUTION, ETC. (IMPRINT) | |
| Place of publication, distribution, etc | Berrien Springs, Mich., |
| Name of publisher, distributor, etc | Andrews University Press. |
| Date of publication, distribution, etc | spring 2002 |
| 300 ## - PHYSICAL DESCRIPTION | |
| Other physical details | ill. |
| Dimensions | 23 cm. |
| Extent | v.: |
| 310 ## - CURRENT PUBLICATION FREQUENCY | |
| Current publication frequency | 2 issues yearly, |
| Date of current publication frequency | <spring 1995- > |
| 321 ## - FORMER PUBLICATION FREQUENCY | |
| Former publication frequency | Frequency varies, |
| -- | 1963- |
| 362 0# - DATES OF PUBLICATION AND/OR SEQUENTIAL DESIGNATION | |
| Dates of publication and/or sequential designation | spring 2002 |
| 440 ## - SERIES STATEMENT/ADDED ENTRY--TITLE | |
| Title | Andrews University Seminary Studies. |
| Volume number/sequential designation | Vol. 40, No.1 |
| 9 (RLIN) | 36712 |
| 500 ## - GENERAL NOTE | |
| General note | "Journal of the Seventh-Day Adventist Theological Seminary." |
| 500 ## - GENERAL NOTE | |
| General note | Does the author of Revelation misappropriate the scriptures?;<br/>The sabbath in Mathew 24:20;<br/>Reading Paul in a New Paradigm;<br/>The day of dedication or the day of atonement?;<br/>Inauguration or day of atonement? a response Norman young;<br/>Joshua's reception of the laying on of Hands;<br/>Archeology; |
| 590 ## - LOCAL NOTE (RLIN) | |
| Local note | Annual, 1963-64; 2 no. a year, 1965-. "Journal of the Seventh-day Adventist Theological Seminary." |
| 650 #0 - SUBJECT ADDED ENTRY--TOPICAL TERM | |
| Topical term or geographic name as entry element | Theology |
| Form subdivision | Periodicals. |
| 9 (RLIN) | 36713 |
| 650 #0 - SUBJECT ADDED ENTRY--TOPICAL TERM | |
| Topical term or geographic name as entry element | Theological seminaries |
| General subdivision | Periodicals. |
| 9 (RLIN) | 36714 |
| 700 ## - ADDED ENTRY--PERSONAL NAME | |
| Personal name | Jerry Moon |
| Relator term | Editor |
| 9 (RLIN) | 36715 |
| 906 ## - LOCAL DATA ELEMENT F, LDF (RLIN) | |
| a | 7 |
| b | cbc |
| c | serials |
| d | u |
| e | ncip |
| f | 19 |
| g | n-oclcserc |
| 936 ## - OCLC/CONSER MISCELLANEOUS DATA (OCLC); PIECE USED FOR CATALOGING (pre-AACR2) (RLIN) | |
| OCLC control number(s) of parallel record(s) (OCLC); Piece used for cataloging, PUC (RLIN) | Spring 1995 (surrogate) LIC |
| 942 ## - ADDED ENTRY ELEMENTS (KOHA) | |
| Source of classification or shelving scheme | Library of Congress Classification |
| Koha item type | Periodical |
| Classification part | BR1 |
| Item part | .A53a 2002 |
| Withdrawn status | Lost status | Source of classification or shelving scheme | Damaged status | Not for loan | Home library | Current library | Shelving location | Date acquired | Total Checkouts | Full call number | Date last seen | Price effective from | Koha item type |
|---|---|---|---|---|---|---|---|---|---|---|---|---|---|
| Library of Congress Classification | Judith Thomas Library | Judith Thomas Library | Periodicals | 28/05/2013 | BR1 .A53a 2002 | 28/05/2013 | 28/05/2013 | Periodical | |||||
| Library of Congress Classification | Judith Thomas Library | Judith Thomas Library | Periodicals | 28/05/2013 | BR1 .A53a 2002 | 28/05/2013 | 28/05/2013 | Periodical | |||||
| Library of Congress Classification | Judith Thomas Library | Judith Thomas Library | Periodicals | 28/05/2013 | BR1 .A53a 2002 | 28/05/2013 | 28/05/2013 | Periodical |